| 000 | 00334nam a22001217a 4500 | ||
|---|---|---|---|
| 020 | _a0-07-99030-1 | ||
| 082 | _a519.2 SPI'T | ||
| 100 |
_aSPIEGEL, MURRAY R _951 |
||
| 245 | _aTHEORY AND PROBLEMS OF PROBABILITY AND STATISTICS INCLUDING 760 SOLVED PROBLEMS | ||
| 260 |
_aSINGAPORE _bMCGRAW HILL _c1982 |
||
| 300 | _a372P | ||
| 942 | _cBK | ||
| 999 |
_c580441 _d580441 |
||